000 00461nam a2200169Ia 4500
008 090711s9999 xx 000 0 und d
082 _b44462
100 _aभागवत मधुराणी
245 _aफुलोरा
260 _c1982
300 _a172
600 _aभागवत मधुराणी
630 _aफुलोरा
700 _aभागवत मधुराणी
730 _aफुलोरा
942 _cBOOK
999 _c296679
_d296679